00428 2200169 4500001002100000005001500021035002000036245005200056100001700108250000600125300002900131260003400160082001400194084002000208020002200228990000800250INLIS00000000000020920190308124416 a0010-03190000261 aSerial Misteri :bMisteri Gua Karang /cDioryza0 aRasyid Akbar a1 a112 hlm :bIlus ;c20 cm aJakarta :bZikrul Kids,c2011 a899.221'3 a899.221'3 RAS s a978-979-063-684-2 a604